Surveyors acting as adjudicators in the construction industry when Scots Law applies (Record no. 116115)

MARC details
000 -LEADER
fixed length control field 01659cad a22002895a 4500
001 - CONTROL NUMBER
control field E159802
008 - FIXED-LENGTH DATA ELEMENTS--GENERAL INFORMATION
fixed length control field 110620s2013 xxk 000 0 eng u
020 ## - INTERNATIONAL STANDARD BOOK NUMBER
International Standard Book Number 9781783210077
035 ## - SYSTEM CONTROL NUMBER
System control number (Sirsi) u159802
041 0# - LANGUAGE CODE
Language code of text/sound track or separate title eng
050 04 - LIBRARY OF CONGRESS CALL NUMBER
Classification number 347.4107 $2 18
110 2# - MAIN ENTRY--CORPORATE NAME
Corporate name or jurisdiction name as entry element Royal Institution of Chartered Surveyors
Subordinate unit Scotland
9 (RLIN) 3082
245 00 - TITLE STATEMENT
Title Surveyors acting as adjudicators in the construction industry when Scots Law applies
Medium [electronic resource]
250 ## - EDITION STATEMENT
Edition statement 3rd ed.
260 ## - PUBLICATION, DISTRIBUTION, ETC.
Place of publication, distribution, etc. Coventry
Name of publisher, distributor, etc. RICS
Date of publication, distribution, etc. 2013
490 #0 - SERIES STATEMENT
Series statement RICS Guidance Note
Volume/sequential designation (GN 106/2013)
520 ## - SUMMARY, ETC.
Summary, etc. ARCHIVED 25/04/2018
520 ## - SUMMARY, ETC.
Summary, etc. Based on law and practice in Scotland, this publication offers guidance to members acting as adjudicators to disputes relating to works carried out under construction contracts. While this publication provides outline guidance, those acting as adjudicators will need to have a wider and deeper understanding of the law and of procedure than has been considered appropriate to provide within the document (this is particularly so in relation to the law of contract).
520 ## - SUMMARY, ETC.
Summary, etc. Supersedes 2nd edition (ISBN 9781842196922).
520 ## - SUMMARY, ETC.
Summary, etc. Superseded by 4th edition (ISBN 9781783212886).
590 ## - LOCAL NOTE (RLIN)
Local note KA NTK
650 24 - SUBJECT ADDED ENTRY--TOPICAL TERM
Topical term or geographic name entry element ALTERNATIVE DISPUTE RESOLUTION
651 #4 - SUBJECT ADDED ENTRY--GEOGRAPHIC NAME
Geographic name Scotland
Chronological subdivision 1999-
690 ## - LOCAL SUBJECT ADDED ENTRY--TOPICAL TERM (OCLC, RLIN)
Topical term or geographic name as entry element MANAGEMENT-DISPUTE AVOIDANCE, MANAGEMENT AND RESOLUTION-DISPUTE MANAGEMENT AND RESOLUTION-ALTERNATIVE DISPUTE RESOLUTION-ADJUDICATION
856 41 - ELECTRONIC LOCATION AND ACCESS
Uniform Resource Identifier <a href="https://www.rics.org/Global/Surveyors_acting_adjudicators_where_Scots_law_applies_3rd_edition_PGguidance_2013.pdf">https://www.rics.org/Global/Surveyors_acting_adjudicators_where_Scots_law_applies_3rd_edition_PGguidance_2013.pdf</a>
Public note View the guidance free of charge (members only) at www.rics.org
942 ## - ADDED ENTRY ELEMENTS (KOHA)
Suppress in OPAC 0
Holdings
Withdrawn status Lost status Source of classification or shelving scheme Damaged status Not for loan Home library Current library Shelving location Date acquired Total Checkouts Full call number Barcode Date last seen Copy number Price effective from Koha item type
    Dewey Decimal Classification     Virtual Virtual Online 15/01/2018   ONLINE PUBLICATION 159802-2001 06/08/2019 1 06/08/2019 Book